LEADER 02428nam 2200565 450 001 9910709893203321 005 20180820072757.0 035 $a(CKB)5470000002473320 035 $a(OCoLC)1045069568 035 $a(EXLCZ)995470000002473320 100 $a20180720j200405 ua 0 101 0 $aeng 135 $aur||||||||||| 181 $ctxt$2rdacontent 182 $cc$2rdamedia 183 $acr$2rdacarrier 200 00$aFoundry sand facts for civil engineers /$fFoundry Industry Recycling Starts Today (FIRST) 210 1$a[Washington, D.C.] :$cU.S. Department of Transportation, Federal Highway Administration :$cUnited States Environmental Protection Agency,$dMay 2004. 215 $a1 online resource (80 unnumbered pages) $cillustrations, maps 300 $a"FHWA-IF-04-004." 300 $a"First printing, May 2004." 300 $a"This document was developed by Foundry Industry Recycling Starts Today (FIRST), in cooperation with the U. S. Department of Transportation and the U.S. Environmental Protection Agency"--Forward (page 5). 300 $a"September 01 - September 03"--Technical report documentation page. 300 $a"Performing organization: TDC Partners Ltd and FIRST"--Technical report documentation page. 300 $a"Sponsoring agency Federal Highway Administration and Environmental Protection Agency"--Technical report documentation page. 300 $aIncludes tables. 606 $aSand, Foundry$xRecycling 606 $aWaste products as road materials 606 $aAggregates (Building materials) 606 $aRoads$xEmbankments 606 $aPavements, Asphalt$xAdditives 606 $aPavements$xSubgrades 606 $aFills (Earthwork)$xMaterials 615 0$aSand, Foundry$xRecycling. 615 0$aWaste products as road materials. 615 0$aAggregates (Building materials) 615 0$aRoads$xEmbankments. 615 0$aPavements, Asphalt$xAdditives. 615 0$aPavements$xSubgrades. 615 0$aFills (Earthwork)$xMaterials. 712 02$aTDC Partners Ltd. 712 02$aFoundry Industry Recycling Starts Today (Organization), 712 02$aUnited States.$bFederal Highway Administration, 712 02$aUnited States.$bEnvironmental Protection Agency, 801 0$bGPO 801 1$bGPO 906 $aBOOK 912 $a9910709893203321 996 $aFoundry sand facts for civil engineers$93305165 997 $aUNINA